00833nam a22002537a 45000010005000000030006000050050017000110080041000280200018000690400029000870500014001160820017001301000020001472450089001672600038002563000044002944900025003385050008003635200106003715210021004775210020004986500026005187000035005445147FISKH20241107144913.0241107b cb ||||| |||| 00| 0 eng d a9780590447676 aFISKHbengcFISKHdFISKH aR154.B623 a610.69520924 aBarker, Rachel  aThe First Woman Doctor :bThe Story of Elizabeth Blackwell, M.D. /cby Rachel Baker  aNew York : bScholastic ;c1944 . a188 pages : billustrations ;c20 cm .  aScholastic Biography aZ  aA biography recounting the struggles and achievements of the first woman doctor in the United States.8 a1120 bLexile 8 aZ bRaz-Plus  amedicinevnon-fiction aCopelman, Evelyneillustrator